Most Viewed Countries on Wikipedia Quiz Stats

 Plays Quiz Updated Jun 17, 2019

Score 0/30 Timer 03:00
15 Plays Today
Rank Country % Correct
1.United States
99.4%
8.China
96.3%
10.France
94.7%
3.United Kingdom
94.7%
9.Russia
94.7%
4.Canada
93.3%
7.Germany
92.3%
20.Mexico
91.5%
13.Brazil
90.6%
6.Japan
90%
16.Spain
89.4%
14.Italy
88.4%
5.Australia
88.2%
2.India
85.9%
22.South Africa
75.5%
Rank Country % Correct
27.Egypt
73.8%
26.Sweden
70.8%
28.Iran
70.2%
18.New Zealand
69.5%
29.Ireland
66%
23.North Korea
65%
30.Norway
62.6%
21.Turkey
59.1%
24.Indonesia
54.7%
12.Israel
53.1%
19.Pakistan
53.1%
17.Netherlands
52.4%
25.Switzerland
51.2%
15.Philippines
34%
11.Singapore
23.2%

You're not logged in!

Compare scores with friends on all Sporcle quizzes.
OR
Log In

Sporcle TV

Today on Sporcle TV


Watch our educational content, quiz creation guides, and fun videos on Sporcle TV.

Show Comments

Extras

Top Quizzes Today


Score Distribution

Your Account Isn't Verified!

In order to create a playlist on Sporcle, you need to verify the email address you used during registration. Go to your Sporcle Settings to finish the process.

Report this User

Report this user for behavior that violates our Community Guidelines.

Details: